Holy imagination : (Record no. 1620)

MARC details
000 -LEADER
fixed length control field 03165cam a2200481 i 4500
001 - CONTROL NUMBER
control field data
005 - DATE AND TIME OF LATEST TRANSACTION
control field 20260322212109.0
008 - FIXED-LENGTH DATA ELEMENTS--GENERAL INFORMATION
fixed length control field data
035 ## - SYSTEM CONTROL NUMBER
System control number 21763467
010 ## - LIBRARY OF CONGRESS CONTROL NUMBER
LC control number 2020948568
020 ## - INTERNATIONAL STANDARD BOOK NUMBER
International Standard Book Number 9781426775314
020 ## - INTERNATIONAL STANDARD BOOK NUMBER
International Standard Book Number 1426775318
020 ## - INTERNATIONAL STANDARD BOOK NUMBER
Canceled/invalid ISBN 9781426775321
Qualifying information (epub)
020 ## - INTERNATIONAL STANDARD BOOK NUMBER
Canceled/invalid ISBN 1426775326
Qualifying information (epub)
035 ## - SYSTEM CONTROL NUMBER
System control number (OCoLC)1085946056
040 ## - CATALOGING SOURCE
Original cataloging agency YDX
Language of cataloging eng
Transcribing agency YDX
Description conventions rda
Modifying agency DLC
-- WIO
-- VTS
-- OCLCO
-- WIO
-- IMD
-- OCLCF
-- OCLCQ
-- OCLCO
-- KAT
-- DLC
042 ## - AUTHENTICATION CODE
Authentication code lccopycat
050 00 - LIBRARY OF CONGRESS CALL NUMBER
Classification number BS535
Item number .F45 2021
082 04 - DEWEY DECIMAL CLASSIFICATION NUMBER
Classification number 220.61
Edition information 23
100 1# - MAIN ENTRY--PERSONAL NAME
Personal name Fentress-Williams, Judy,
Relator term author.
245 10 - TITLE STATEMENT
Title Holy imagination :
Remainder of title a literary and theological introduction to the whole Bible /
Statement of responsibility, etc. Judy Fentress-Williams
264 #1 - PRODUCTION, PUBLICATION, DISTRIBUTION, MANUFACTURE, AND COPYRIGHT NOTICE
Place of production, publication, distribution, manufacture Nashiville :
Name of producer, publisher, distributor, manufacturer Abingdon Press,
Date of production, publication, distribution, manufacture, or copyright notice 2021.
300 ## - PHYSICAL DESCRIPTION
Extent xii, 388 pages ;
Dimensions 23 cm
336 ## - CONTENT TYPE
Content type term text
Content type code txt
Source rdacontent
337 ## - MEDIA TYPE
Media type term unmediated
Media type code n
Source rdamedia
338 ## - CARRIER TYPE
Carrier type term volume
Carrier type code nc
Source rdacarrier
504 ## - BIBLIOGRAPHY, ETC. NOTE
Bibliography, etc. note Includes bibliographical references (pages 384-388).
505 0# - FORMATTED CONTENTS NOTE
Formatted contents note Introduction -- The Origin of Identity -- The Wilderness and Legal Traditions -- The Promised Land: Joshua and Judges -- Ruth -- Birth of a Nation: Samuel and Kings -- Chronicles, Ezra, Nehemiah, and Esther -- Hebrew Poetry: Psalms, Lamentations, and Song of Songs (Solomon) -- Wisdom Literature -- Prophets -- The Gospels -- The Acts of the Apostles -- The Letters -- Revelation.
520 ## - SUMMARY, ETC.
Summary, etc. The many voices in scripture form a dialogue with readers, which produce theological truths that are larger than the individual parts. This introduction is informed by both literary theory and theology. It groups sections of the whole Bible together by genre. Each section identifies and describes the genre (such as historiography, poetry, prophecy, gospel, letter, apocalypse), and then moves into a discussion about the literary characteristics and theological insights. The words of scripture not only come a long way to find us but like a poem must be read with attention. Poetry doesn't yield meaning easily, and it doesn't promise to make sense. We know to look past the words on the page and find the images, tropes, sounds, and metaphors that are meaning-full. This type of writing invites, rather demands, the imagination. We must accept that we will only get so close, but that this is close enough. Our imagination spans the gaps left by sparse language and incomplete narratives. We return again and again, with more information and perhaps more experiences. The words are the same, but we are not; and for that reason there are always new discoveries.
630 00 - SUBJECT ADDED ENTRY--UNIFORM TITLE
Uniform title Bible
Form subdivision Introductions.
630 00 - SUBJECT ADDED ENTRY--UNIFORM TITLE
Uniform title Bible
General subdivision Theology.
630 06 - SUBJECT ADDED ENTRY--UNIFORM TITLE
Uniform title Bible
Form subdivision Introductions.
630 06 - SUBJECT ADDED ENTRY--UNIFORM TITLE
Uniform title Bible
General subdivision Théologie.
630 07 - SUBJECT ADDED ENTRY--UNIFORM TITLE
Uniform title Bible.
Source of heading or term fast
Authority record control number or standard number (OCoLC)fst01356024
650 #0 - SUBJECT ADDED ENTRY--TOPICAL TERM
Topical term or geographic name entry element Bible as literature.
650 #6 - SUBJECT ADDED ENTRY--TOPICAL TERM
Topical term or geographic name entry element Bible (Littérature)
650 #7 - SUBJECT ADDED ENTRY--TOPICAL TERM
Topical term or geographic name entry element Bible as literature.
Source of heading or term fast
Authority record control number or standard number (OCoLC)fst00831228
650 #7 - SUBJECT ADDED ENTRY--TOPICAL TERM
Topical term or geographic name entry element Theology.
Source of heading or term fast
Authority record control number or standard number (OCoLC)fst01149559
655 #7 - INDEX TERM--GENRE/FORM
Genre/form data or focus term Introductions.
Source of term fast
Authority record control number or standard number (OCoLC)fst01423833
906 ## - LOCAL DATA ELEMENT F, LDF (RLIN)
a 7
b cbc
c copycat
d 2
e ncip
f 20
g y-gencatlg
925 0# -
-- acquire
-- 1 shelf copy
-- policy default
Holdings
Withdrawn status Lost status Damaged status Not for loan Home library Current library Shelving location Date acquired Total checkouts Full call number Barcode Date last seen Price effective from Koha item type
        Institut Protestant de Théologie Institut Protestant de Théologie General stacks 22/03/2026   220.61 LOC-IPT-00011 22/03/2026 22/03/2026 Books